Khai triển các mặt ứng dụng máy tính để vẽ hình khai triển
Uloženo v:
| Hlavní autor: | |
|---|---|
| Médium: | Kniha |
| Jazyk: | Undetermined |
| Vydáno: |
H.
KHKT
2003
|
| Témata: | |
| Tagy: |
Přidat tag
Žádné tagy, Buďte první, kdo otaguje tento záznam!
|
| Thư viện lưu trữ: | Trung tâm Học liệu Trường Đại học Cần Thơ |
|---|
| LEADER | 00635nam a2200205Ia 4500 | ||
|---|---|---|---|
| 001 | CTU_60161 | ||
| 008 | 210402s9999 xx 000 0 und d | ||
| 020 | |b 15000 | ||
| 082 | |a 620.00420285 | ||
| 082 | |b Nh502 | ||
| 100 | |a Phạm Văn Nhuần | ||
| 245 | 0 | |a Khai triển các mặt ứng dụng máy tính để vẽ hình khai triển | |
| 245 | 0 | |c Phạm Văn Nhuần và Phạm Tuấn Anh | |
| 260 | |a H. | ||
| 260 | |b KHKT | ||
| 260 | |c 2003 | ||
| 650 | |a engineering design | ||
| 650 | |x computer programs,data processing | ||
| 904 | |i Minh | ||
| 980 | |a Trung tâm Học liệu Trường Đại học Cần Thơ | ||